| 000 | 00677nam a2200253Ia 4500 | ||
|---|---|---|---|
| 003 | OSt | ||
| 005 | 20221007111828.0 | ||
| 006 | a|||||r|||| 00| 0 | ||
| 007 | ta | ||
| 008 | 221006b |||||||| |||| 00| 0 eng d | ||
| 020 | _a9788171772209 | ||
| 024 | _a24,378 | ||
| 037 | _cTextual | ||
| 040 |
_aLCO _cLCO _beng |
||
| 041 |
_2eng _aeng |
||
| 082 | _aZ2,2674, P9 | ||
| 100 |
_aDasgupta M. _9209631 |
||
| 245 | 0 |
_aCyber Crime in India _b A Comparative Study |
|
| 260 |
_aKolkata _bEastern Law House Private Ltd. India _c2009 |
||
| 300 | _a419 | ||
| 650 | _aCYBER CRIME | ||
| 942 |
_hZ2,2674, P9 _cTEXL |
||
| 999 |
_c1193941 _d1193941 |
||